000 00633nam a2200229Ia 4500
003 OSt
005 20220923230307.0
006 a|||||r|||| 00| 0
007 ta
008 Pun
024 _a279,164
037 _cTextual
040 _aARTS
_cARTS
_bPun
041 _2Pun
_aPun
082 _aO153,1NBRx, M7
100 _aਬ੍ਰਹਮ, ਬ੍ਰਹਮ ਸਿੰਘ
_9156274
245 0 _aਗੱਲਾਂ ਪਾਰ ਦਿਆਂ
260 _c1987
650 _aਪੰਜਾਬੀ ਸਾਹਿਤ
942 _hO153,1NBRx, M7
_cTEXL
_2CC
999 _c383711
_d383711